Im Anti-Wahlkampf geht die Post ab. (Titelsatznr. 370829)
[ MARC ]
| 000 -Satzkennung | |
|---|---|
| Kontrollfeld mit fester Länge | 00872nam a22001937a 4500 |
| 008 - Feld mit fester Länge zur physischen Beschreibung - Allgemeine Angaben | |
| Kontrollfeld mit fester Länge | 201130b ||||| |||| 00| 0 eng d |
| 040 ## - Katalogisierungsquelle | |
| Katalogisierungssprache | ger |
| Übertragungsstelle | DE-2950 |
| Beschreibungsfestlegungen | rda |
| Original-Katalogisierungsstelle | DE-2950 |
| 041 ## - Sprachcode | |
| Sprachcode des Textes/der Tonspur oder des separaten Titels | ger |
| 100 ## - Person oder Familie als 1. geistiger Schöpfer | |
| Personenname | Schröder Dietrich: |
| 245 ## - Titel | |
| Haupttitel | Im Anti-Wahlkampf geht die Post ab. |
| Titelzusatz | Bundestagswahl: Die sozialen Medien spielen eine immer größere Rolle in unserem Leben. Wie das Ringen um Stimmen im Internet läuft, analysieren Studierende der Frankfurter Europa-Universität zusammen mit anderen Institutionen./ |
| Verantwortlichkeitsangabe | Schröder Dietrich |
| 264 ## - Veröffentlichungsangabe, Vertriebsangabe, Herstellungsangabe | |
| Erscheinungs-, Vertriebs-, Herstellungsdatum | 2021 |
| 653 ## - Lokales Schlagwort | |
| Nicht-normierter Term | Frankfurt (Oder) |
| 653 ## - Lokales Schlagwort | |
| Nicht-normierter Term | Frankfurter Europa-Universität |
| 773 ## - Übergeordnete Einheit | |
| Ort, Verlag und Erscheinungsjahr | Frankfurt (Oder): Märkisches Verlags- und Druckhaus GmbH & Co KG |
| Verknüpfungsangaben | 32. Jahrgang (2021) Nr. 222 vom 23.09.2021, S. 10 |
| Titel | Märkische Oderzeitung |
| 942 ## - Zusätzliche Felder (Koha) | |
| Koha-Medientyp | Aufsätze |
| Ausgeschieden | Verloren | Beschädigt | Nicht entleihbar | Permanenter Standort | Aktueller Standort | Aufstellungsort | Eingabedatum | Anzahl Ausleihen | Signatur | Letzte Aktivität | Preis gültig von | Medientyp |
|---|---|---|---|---|---|---|---|---|---|---|---|---|
| Stadtarchiv Frankfurt (Oder) | Archivbibliothek | Stadtarchiv Frankfurt (Oder) | Archivbibliothek | Magazin | 27/09/2021 | Z2 | 27/09/2021 | 27/09/2021 | Aufsätze |